Naplójegyzetek AA-DD
Elmentve itt :
| Szerző: | |
|---|---|
| További közreműködők: | |
| Adatforrás: | Philobibl |
| Dokumentumtípus: | Könyv |
| Nyelv: | magyar |
| Kulcsszavak: | Kierkegaard filozófia, dán |
| Megjelent: |
Pécs
Jelenkor
2006
|
| Sorozat: | Soren Kierkegaard művei
|
| LEADER | 00549nam a2200181 c 4500 | ||
|---|---|---|---|
| 001 | bibPHI0029685 | ||
| 005 | 20200924122555.6 | ||
| 008 | 070201s2006 xx hun | ||
| 100 | 1 | |a Kierkegaard, Soren Aabye | |
| 245 | 1 | 0 | |a Naplójegyzetek AA-DD |c Soren Aabye Kierkegaard ; [szerk. Heller Ágnes ; ford. Soós Anita] |
| 260 | |a Pécs |b Jelenkor |c 2006 | ||
| 300 | |a 362 p. | ||
| 490 | 1 | |a Soren Kierkegaard művei |v 2. | |
| 695 | |a Kierkegaard | ||
| 695 | |a filozófia, dán | ||
| 700 | 1 | |a Heller Ágnes | |
| 700 | 1 | |a Soós Anita | |
| 830 | 0 | |a Soren Kierkegaard művei | |